000 00315nam a22001217a 4500
020 _a0-273-43061-0
082 _a621.165 KEA'S
100 _aKEARTON, W. J
_974462
245 _aSTEAM TURBINE THEORY AND PRACTICE A TEXTBOOK FOR ENGINEERING STUDENTS
260 _aLONDON
_bELBS
_c1973
300 _a861P
942 _cBK
999 _c583582
_d583582